000 00304nam a22001097a 4500
020 _a0-471-63514-6
082 _a629.8920321 INT'D
100 _aDORF, R.C
_965959
245 _aINTERNATIOANL ENCYCLOPEDIA OF ROBOTICS , APPLICATIONS AND AUTOMATION VOL-3
260 _a1988
_bJOHN WILEY
_c2046P
942 _cBK
999 _c574023
_d574023